TEXT BOOK OF COAL (Record no. 8168)

MARC details
000 -LEADER
fixed length control field 00415nam a22001697a 4500
005 - DATE AND TIME OF LATEST TRANSACTION
control field 20230111100243.0
008 - FIXED-LENGTH DATA ELEMENTS--GENERAL INFORMATION
fixed length control field 221220b |||||||| |||| 00| 0 eng d
041 ## - LANGUAGE CODE
Language code of text/sound track or separate title eng
082 ## - DEWEY DECIMAL CLASSIFICATION NUMBER
Classification number 622 CHA-T
100 ## - MAIN ENTRY--AUTHOR NAME
Personal name CHANDRA ,D., SINGH ,M.P.
245 ## - TITLE STATEMENT
Title TEXT BOOK OF COAL
250 ## - EDITION STATEMENT
Edition statement 1st ed.
260 ## - PUBLICATION, DISTRIBUTION, ETC. (IMPRINT)
Place of publication VARANASI
Name of publisher TARA BOOK AGENCY KAMACHHA
Year of publication 2014
300 ## - PHYSICAL DESCRIPTION
Number of Pages 402;P.
650 ## - SUBJECT ADDED ENTRY--TOPICAL TERM
Topical Term MINING
942 ## - ADDED ENTRY ELEMENTS (KOHA)
Koha item type Books
Holdings
Lost status Damaged status Collection code Home library Current library Shelving location Date acquired Source of acquisition Cost, normal purchase price Full call number Accession Number Koha item type
    MINING JRU Library JRU Library SHELF-94-B 09/11/2022 LOHIA BOOK INTERNATIONAL 500.00 622-CHA-T 27218 Books
    MINING JRU Library JRU Library SHELF-94-B 09/11/2022 LOHIA BOOK INTERNATIONAL 500.00 622-CHA-T 27219 Books
    MINING JRU Library JRU Library SHELF-94-B 09/11/2022 LOHIA BOOK INTERNATIONAL 500.00 622-CHA-T 27220 Books
    MINING JRU Library JRU Library SHELF-94-B 09/11/2022 LOHIA BOOK INTERNATIONAL 500.00 622-CHA-T 27221 Books
    MINING JRU Library JRU Library SHELF-94-B 09/11/2022 LOHIA BOOK INTERNATIONAL 500.00 622-CHA-T 27222 Books